000 nam a22 a 4500
999 _c332644
_d332644
003 BLK
005 20190716124129.0
008 190710b bu ||||| |||| 00| 0 bu d
020 _a9786197368222
040 _aBLK
041 _aBUL
_cBUL
080 _aБългарска литература
_b821.163.2
_x-1
_z821.163-1
100 _9273501
_aПавлова, Иванка Стаменова
_eпърви автор
139 _aПавлова, Иванка Стаменова
_bП 12
245 _aДаровете на мига
_cИванка Павлова
260 _9213686
_aСофия
_bАртграф
_c2018
300 _a76 с
_e20 см
380 _aX
852 _bЦб
942 _cKNG
_n0
944 _aCR
_c2019-07-10
_kВ.Р
999 _d332644